Preparación de abonos orgánicos / (Registro nro. 3255)

Detalles MARC
000 -CABECERA
Campo de control 00938nam a2200241 a 4500
005 - FECHA Y HORA DE LA ULTIMA TRANSACCION
Campo de control 20191224041702.0
008 - ELEMENTOS DE LONGITUD FIJA—INFORMACION GENERAL
Campo de control 140310b2001 ck ||||| |||| 00| 0 spa d
040 ## - FUENTE DE CATALOGACIÓN
Agencia catalogadora original CO-BoIAVH
Agencia transcriptora CO-BoIAVH
041 0# - IDIOMA
Código de idioma para texto/pista de sonido o título separado Español
044 ## - PAÍS DE PUBLICACIÓN
País de publicación Colombia
082 04 - NUMERO DE CLASIFICACION DECIMAL DEWEY
Número de clasificación 631.86
Número del ítem P92a
245 00 - MENCION DE TITULO
Título Preparación de abonos orgánicos /
Mención de responsabilidad editado por Rebecca Lee
260 ## - PUBLICACION, DISTRIBUCION, ETC. (PIE DE IMPRENTA)
Lugar de publicación, distribución, etc. Chía (Cundinamarca, Colombia) :
Nombre del editor, distribuidor, etc. Centro de Investigaciones y Asesorías Agroindustriales,
Fecha de publicación, distribución, etc. 2001.
300 ## - DESCRIPCION FISICA
Extensión 64 páginas ;
Otros detalles físicos gráficas y tablas ;
Dimensiones 29 x 23 cm.
650 26 - ASIENTO SECUNDARIO DE MATERIA - TERMINO TEMATICO
Término temático o nombre geográfico como elemento de entrada Prácticas agrícolas
Subdivisión general producción
9 (RLIN) 86995
650 26 - ASIENTO SECUNDARIO DE MATERIA - TERMINO TEMATICO
Término temático o nombre geográfico como elemento de entrada Abonos orgánicos
9 (RLIN) 19130
650 26 - ASIENTO SECUNDARIO DE MATERIA - TERMINO TEMATICO
Término temático o nombre geográfico como elemento de entrada Agricultura orgánica
9 (RLIN) 86997
650 26 - ASIENTO SECUNDARIO DE MATERIA - TERMINO TEMATICO
Término temático o nombre geográfico como elemento de entrada Agricultura
Subdivisión general Manejo del suelo
9 (RLIN) 86998
650 26 - ASIENTO SECUNDARIO DE MATERIA - TERMINO TEMATICO
Término temático o nombre geográfico como elemento de entrada Lombriz de tierra
9 (RLIN) 19170
700 1# - ASIENTO SECUNDARIO - NOMBRE PERSONAL
Nombre personal Lee, Rebecca
Término de relación editora
9 (RLIN) 19164
710 2# - ASIENTO SECUNDARIO - NOMBRE CORPORATIVO
Nombre corporativo o de jurisdicción como elemento de entrada Universidad de Bogotá Jorge Tadeo Lozano
Unidad subordinada Centro de Investigaciones y Asesorías Agroindustriales, CIAA
9 (RLIN) 86999
942 ## - ELEMENTOS ADICIONALES (KOHA)
Tipo de ítem Libro
Sistema de clasificación Dewey Decimal Classification
Existencias
Withdrawn status Lost status Sistema de Clasificación Damaged status No para préstamo Colección Inventariado Ubicación Permanente Ubicación actual Fecha de adquisición Fuente de Valor Valor Total Checkouts Número topográfico Inventario / Código de Barras Date last seen Ejemplar Price effective from Forma de adquisición Tipo de material
    Dewey Decimal Classification     General Inventariado 2017 Sala Fabio Quevedo Sala Fabio Quevedo 14/04/2003 Instituto 39000.00   LB-631.86 P92a 005252 04/12/2012 Ej. 1 04/12/2012 Donación Libro